00590 2200193 4500001002100000005001500021035002000036007000300056008004100059020002200100082001100122084001700133100001500150245008500165250003200250260004900282300003800331650002700369INLIS00000000000403820251113010705 a0010-1125000070ta251113 g 0 ind  a978-602-17576-0-4 a297.74 a297.74 ALI m0 aAli Jum'ah1 aMenjawab Dakwah Kaum 'Salafi' /cAli Jum'ah (Penulis); Abdul Ghafur (Penerjemah) aCetakan Keempat, April 2016 aJakarta Selatan :bKhatulistiwa Press,c2016 axii; 246 Halaman :bteks ;c21 cm 4aPsikologi Dakwah Islam